000 00424nam a2200181Ia 4500
003 OSt
005 20230511143117.0
008 210210b1906 xxu||||| |||| 00| 0 eng d
040 _cAL
041 _aFrench
082 _a444/79
100 _aDe La BEDOLLIERE (E)
_9103223
245 _aLa mere michel
260 _aLondon
_bMacmillan & Co. Ltd.
_c1906
690 _aFrench
_9103224
906 _a006274
942 _2ddc
_cBK
999 _c129294
_d129294